1665 1690 1622 1097 1580 1429 1978 1873 1698 1054 1035 1956 1859 1236 1723 1953 1051 1397 1334 1518 1656 1344 1195 1956 1468 1838 1159 1673 1609 1664 1986 1720 1260 1710 1611 1508 1174 1901 1068 1264 1866 1040 1895 1042 1623 1835 1323 1646 1672 1178 1584 1550 1538 1128 1305 1143 1494 1195 1898 1893 1944 1129 1282 1851 1131 1236 1715 1474 1236 1859 1996 1712 1185 1879 1143 1604 1500 1355 1509 1737 1234 1356 1760 1202 1434 1536 1062 1919 1154 1331 1570 1385 1668 1852 1946 1817 1561 1130 1003 BCNSPRNW ULIB Ver.6.0+V

เปลี่ยนเป็นภาษาไทย

Change to English
 แสดงรายละเอียดบรรณานุกรม
  กลับหน้าหลัก

Brief Record : Get Marc (ISO 2709) : E-mail record : QR code < ปิดหน้าต่าง
LEADER : 00000nam 2200000uu 4500
001    13399111816
003     ULIB
008    110708s2545||||th 000 0 tha d
020    9747383292
050  4 DS578^bว731ช 2545
100 0  วิไลเลขา ถาวรธนสาร
245 10 ชนชั้นนำไทยกับการรับวัฒนธรรมตะวันตก /^cวิไลเลขา ถาวรธนสาร
250    พิมพ์ครั้งที่ 1
260    กรุงเทพฯ :^bเมืองโบราณ,^c2545
300    160 หน้า :^bภาพประกอบ ;^c24 ซม.
650  4 การเปลี่ยนแปลงทางสังคม
650  4 ชนชั้นสูง^zไทย
650  4 วัฒนธรรมไทย
651  7 ไทย^xความเป็นอยู่และประเพณี
651  7 ไทย^xประวัติศาสตร์^yกรุงรัตนโกสินทร์
945    ^p140^l0^i015973
995    ทศพร
999 ^a ใช้งานได้ทุกระบบ
รายการนี้ยังไม่มีแท็ก
คุณยังไม่ได้ล็อกอิน คุณสามารถมีกิจกรรมร่วมกับเว็บไซต์ได้ แต่ต้องล็อกอินก่อน ::
  ล็อกอิน

รายการสื่อสารสนเทศ

ลำดับที่ ประเภท เลขเรียก/บาร์โค้ด สถานที่ สถานะ
- ไม่พบข้อมูล -

รายการใกล้เคียง
    หัวเรื่อง [การเปลี่ยนแปลงทางสังคม]
    หัวเรื่อง [วัฒนธรรมไทย]

BibComment


ยังไม่เคยถูกคอมเมนท์

คอมเมนท์ทรัพยากรรายการนี้
  คอมเมนท์: ชนชั้นนำไทยกับการ..


 Copyright 2026. Bcnsprnw @Library